logo

Bir Sreshtho Munshi Abdur Rouf Library
Jhenaidah Cadet College

African and Oceanic art / (Record no. 9620)

MARC details
000 -LEADER
fixed length control field 00946cam a22002771 4500
001 - CONTROL NUMBER
JCCL Control Number 9620
003 - CONTROL NUMBER IDENTIFIER
JCCL marc code BD-JhCC
005 - DATE AND TIME OF LATEST TRANSACTION
control field 20180320185215.0
008 - FIXED-LENGTH DATA ELEMENTS--GENERAL INFORMATION
fixed length control field 180320s1968 nyuab b 000 0 eng
035 ## - SYSTEM CONTROL NUMBER
system control number (BD-JhCC)9620
040 ## - CATALOGING SOURCE
Original cataloging agency DLC
Transcribing agency DLC
Modifying agency DLC
-- BD-JhCC
041 ## - LANGUAGE CODE
Language code of Book eng
050 00 - LIBRARY OF CONGRESS CALL NUMBER
Classification number N7397.W4
Item number T7
082 00 - DEWEY DECIMAL CLASSIFICATION NUMBER
Classification number 709/.66
Author mark and Year TRO 1968
100 1# - MAIN ENTRY--PERSONAL NAME
Personal name Trowell, Margaret.
245 10 - TITLE STATEMENT
Title African and Oceanic art /
Statement of responsibility, etc Texts by Margaret Trowell and Hans Nevermann.
260 ## - PUBLICATION, DISTRIBUTION, ETC. (IMPRINT)
Place of publication, distribution, etc New York :
Name of publisher, distributor, etc H. N. Abrams,
Date of publication, distribution, etc 1968.
300 ## - PHYSICAL DESCRIPTION
Pagination 263 p.
Other physical details illus. (part col.), col. maps.
Dimensions 23 cm.
490 0# - SERIES STATEMENT
Series statement Panorama of world art
505 0# - FORMATTED CONTENTS NOTE
Formatted contents note Form and content of African art, by M. Trowell (p. 6-201)--The art of Oceania, by H. Nevermann, translated from the German by Robert E. Wolf (p. 204-258)--Bibliography (p. 259-260)
650 #0 - SUBJECT ADDED ENTRY--TOPICAL TERM
Topical term or geographic name as entry element Art
Geographic subdivision Africa, West.
650 #0 - SUBJECT ADDED ENTRY--TOPICAL TERM
Topical term or geographic name as entry element Art
Geographic subdivision Oceania.
700 1# - ADDED ENTRY--PERSONAL NAME
Personal name Nevermann, Hans,
Dates associated with a name 1902-
942 ## - ADDED ENTRY ELEMENTS (KOHA)
Source of classification or shelving scheme Dewey Decimal Classification
Koha item type Books
Holdings
Source of classification or shelving scheme Damaged status Not for loan Home library Current library Shelving location Total Checkouts Full call number Barcode Date last seen Copy number Koha item type
Dewey Decimal Classification     JCC Rouf Library JCC Rouf Library General Stacks   709/.66 TRO 1968 12834 03/20/2018 C - 1 Books

JCC Library | Contacts | JCC Home

Last Update on 23 September 2017
Copyright @ 2017-2020 JCC Rouf Library
Rouf Library, Jhenidah Cadet College (JCC), Bangladesh